000 00785nam a2200253 a 4500
999 _c130541
_d130541
001 2338745
005 20201028092045.0
008 830622s1981 enk b 001 0 eng
010 _a 82148401
020 _a0232515182 :
_c£2.95
040 _aDLC
_cDLC
_dDLC
050 0 0 _aBX2435
_b.M728 1981
082 0 0 _a248.4/7
_219
100 1 _aMoloney, Francis J.
_97198
245 1 0 _aFree to love :
_bpoverty-chastity-obedience /
_cFrancis J. Moloney.
260 _aLondon :
_bDarton, Longman and Todd,
_c1981.
300 _axiv, 96 p. ;
_c22 cm.
500 _aIncludes index.
504 _aBibliography: p. [91]-92.
650 0 _aReligious communities
_949997
650 0 _aChristian life
_949998
906 _a7
_bcbc
_corignew
_d3
_encip
_f19
_gy-gencatlg
942 _2lcc
_cMONOGRAPH